000 00464nam a2200157Ia 4500
008 150121s9999 xx 000 0 und d
020 _a1908-0506
245 _aSynergeia /
_h[electronic resource]
260 _bUniversity of Asia and the Pacific,
_c2012.
516 _aElectronic text
650 _aHumanities.
650 _aSocial Sciences.
830 _aPhilippine E-Journals
856 _uhttp://www.ejournals.ph/index.php?journal=SYNERGEIA
942 _cEJ
999 _c277083
_d277083